• 首页
  • 本馆介绍
  • 公告通知
  • 最新文献
  • 馆藏检索
  • 电子资源
  • 读者导购
  • 参考咨询
  • 我的图书馆
  • 登录
  • 详细信息显示
  • 放入我的书架
  • 预约/预借图书
  • 作者相关作品
  • 分类相关作品
  • 丛书相关作品
  • 出版社相关作品

书目信息

  • 表格格式
  • 工作单格式
  • 卡片格式
题名:
中国封建社会形态研究
    
 
作者: 胡如雷 著
分册:  
出版信息: 北京   三联书店  1979
页数: 424页
开本: 20cm
丛书名:
单 册:
中图分类: K230.7 , K207
科图分类:
主题词: 封建社会--研究--中国 , 中国--通史
电子资源:
ISBN:
000 00640nam0 2200241 45
001 1552241726
005 20150119143149.90
010    @dCNY1.30
091    @aCN@b11002.499
100    @a19950726d1979 em y0chiy0121 ea
101 0  @achi
102    @aCN@b110000
105    @ay z 000yy
200 10 @a中国封建社会形态研究@Azhong guo feng jian she hui xing tai yan jiu@f胡如雷著
210    @a北京@c三联书店@d1979
215    @a424页@d20cm
606    @a封建社会@x研究@y中国
606 0  @a中国@x通史
690    @aK230.7@v3
690    @aK207@v4
701  0 @a胡如雷@Ahu ru lei@4著
801  0 @aCN@bTSSF@c20150119
905    @aZUCC@dK207@eJY1
    
    中国封建社会形态研究/胡如雷著.-北京:三联书店,1979
    424页;20cm
    
    
    ISBN :CNY1.30
    
●
相关链接 在E读中查询图书 在五车中查询图书 在当当中查询图书 在豆瓣中查询图书


正题名:中国封建社会形态研究     索取号:K207/JY1         预约/预借

序号 登录号 条形码 馆藏地/架位号 状态 备注
1 7848255   278482553   学院路分馆/ [索取号:K207/JY1] 在馆    
2 7848256   278482562   学院路分馆/ [索取号:K207/JY1] 在馆    
3 7848257   278482571   学院路分馆/ [索取号:K207/JY1] 在馆    
4 7848258   278482580   学院路分馆/ [索取号:K207/JY1] 在馆    
5 7848259   278482599   学院路分馆/ [索取号:K207/JY1] 在馆    
欢迎您!
大连网信软件有限公司© 版权所有